ARRUPE JESUIT UNIVERSITY

CORONAVIRUS -STOP THE SPREAD - CLEAN,DISINFECT,COVER

Ethnologie et langage : (Record no. 127929)

MARC details
000 -LEADER
fixed length control field 01180cam a2200313 a 4500
001 - CONTROL NUMBER
control field 1042062
003 - CONTROL NUMBER IDENTIFIER
control field ARRUPE
005 - DATE AND TIME OF LATEST TRANSACTION
control field 20180413092000.0
008 - FIXED-LENGTH DATA ELEMENTS--GENERAL INFORMATION
fixed length control field 890501s1987 fr af b 001 0 fre
010 ## - LIBRARY OF CONGRESS CONTROL NUMBER
LC control number 89137385
020 ## - INTERNATIONAL STANDARD BOOK NUMBER
International Standard Book Number 2852650118 :
Terms of availability 204.50F
040 ## - CATALOGING SOURCE
Original cataloging agency DLC
Transcribing agency DLC
Modifying agency DLC
043 ## - GEOGRAPHIC AREA CODE
Geographic area code f-ml---
050 00 - LIBRARY OF CONGRESS CALL NUMBER
Classification number GN652.D6
Item number C3
082 00 - DEWEY DECIMAL CLASSIFICATION NUMBER
Classification number 306/.089/9635
Edition number 20
300 ## - PHYSICAL DESCRIPTION
Other physical details ill. ;
Dimensions 23 cm.
100 2# - MAIN ENTRY--PERSONAL NAME
Personal name Calame-Griaule, Geneviève.
9 (RLIN) 41508
245 10 - TITLE STATEMENT
Title Ethnologie et langage :
Remainder of title la parole chez les Dogon /
Statement of responsibility, etc Geneviève Calame-Griaule.
250 ## - EDITION STATEMENT
Edition statement 2e éd. augm. d'une postface de l'auteur.
260 ## - PUBLICATION, DISTRIBUTION, ETC. (IMPRINT)
Place of publication, distribution, etc Paris :
Name of publisher, distributor, etc Gallimard,
Date of publication, distribution, etc 1965.
300 ## - PHYSICAL DESCRIPTION
Extent 589p. ;
504 ## - BIBLIOGRAPHY, ETC. NOTE
Bibliography, etc Includes bibliographies and indexes.
650 #0 - SUBJECT ADDED ENTRY--TOPICAL TERM
Topical term or geographic name as entry element Dogon (African people)
9 (RLIN) 41509
650 #0 - SUBJECT ADDED ENTRY--TOPICAL TERM
Topical term or geographic name as entry element Language
General subdivision Psychology
9 (RLIN) 41510
906 ## - LOCAL DATA ELEMENT F, LDF (RLIN)
a 7
b cbc
c orignew
d 4
e ncip
f 19
g y-gencatlg
942 ## - ADDED ENTRY ELEMENTS (KOHA)
Source of classification or shelving scheme Library of Congress Classification
Koha item type Monograph ( Printed materials)
Holdings
Withdrawn status Lost status Source of classification or shelving scheme Damaged status Not for loan Collection code Home library Current library Shelving location Date acquired Total Checkouts Full call number Barcode Date last seen Price effective from Koha item type
    Library of Congress Classification     Main Collection ARRUPE LIBRARY ARRUPE LIBRARY Main Collection 13/04/2018   GN652.D6 C3 46600001804 13/04/2018 13/04/2018 Monograph ( Printed materials)

 

Arrupe Library. PO Box MP320 Mt Pleasant, Harare, Zimbabwe
263 242 745411|librarian@aju.ac.zw